<?xml version="1.0" encoding="UTF-8"?>
<record
    xmlns:xsi="http://www.w3.org/2001/XMLSchema-instance"
    xsi:schemaLocation="http://www.loc.gov/MARC21/slim http://www.loc.gov/standards/marcxml/schema/MARC21slim.xsd"
    xmlns="http://www.loc.gov/MARC21/slim">

  <leader>01089nas a2200253 a 4500</leader>
  <controlfield tag="001">385217</controlfield>
  <controlfield tag="005">20250611114834.0</controlfield>
  <controlfield tag="007">ta</controlfield>
  <controlfield tag="008">250428e2015    dr    p|ro   ||   ||spa ||spa| </controlfield>
  <datafield tag="011" ind1=" " ind2=" ">
    <subfield code="a">2015      </subfield>
  </datafield>
  <datafield tag="040" ind1=" " ind2=" ">
    <subfield code="a">DO-SdBNP</subfield>
    <subfield code="c">BNPHU</subfield>
    <subfield code="e">rda</subfield>
  </datafield>
  <datafield tag="041" ind1=" " ind2=" ">
    <subfield code="h">spa</subfield>
  </datafield>
  <datafield tag="245" ind1=" " ind2=" ">
    <subfield code="a">Ser justo es lo primero... </subfield>
    <subfield code="b">la crisis de los trabajadores dominicanos bajo el actual modelo econ&#xF3;mico y los desaf&#xED;os de una reforma al c&#xF3;digo de trabajo para m&#xE1;s justicia y prosperidad: Informe de an&#xE1;lisis y propuestas /</subfield>
    <subfield code="c">Fundaci&#xF3;n Juan Bosch.</subfield>
  </datafield>
  <datafield tag="264" ind1=" " ind2=" ">
    <subfield code="a">Santo Domingo, Rep&#xFA;blica Dominicana :</subfield>
    <subfield code="b">Ediciones Fundaci&#xF3;n Juan Bosch,</subfield>
    <subfield code="c">2015. </subfield>
  </datafield>
  <datafield tag="300" ind1=" " ind2=" ">
    <subfield code="a">volumen :  </subfield>
    <subfield code="b">ilustraciones, fotograf&#xED;as, gr&#xE1;ficas ; </subfield>
    <subfield code="c">28 cm.</subfield>
  </datafield>
  <datafield tag="336" ind1=" " ind2=" ">
    <subfield code="a">texto</subfield>
    <subfield code="b">txt</subfield>
    <subfield code="2">rdacontent</subfield>
  </datafield>
  <datafield tag="337" ind1=" " ind2=" ">
    <subfield code="a">sin mediaci&#xF3;n </subfield>
    <subfield code="b">n </subfield>
    <subfield code="2">rdamedia</subfield>
  </datafield>
  <datafield tag="338" ind1=" " ind2=" ">
    <subfield code="a">volumen </subfield>
    <subfield code="b">nc </subfield>
    <subfield code="2">rdacarrier</subfield>
  </datafield>
  <datafield tag="362" ind1=" " ind2=" ">
    <subfield code="a">A&#xF1;o 2015.</subfield>
  </datafield>
  <datafield tag="500" ind1=" " ind2=" ">
    <subfield code="a">Donaci&#xF3;n, 2015.</subfield>
  </datafield>
  <datafield tag="650" ind1=" " ind2=" ">
    <subfield code="9">76963</subfield>
    <subfield code="a">Trabajadores</subfield>
    <subfield code="x">C&#xF3;digo de trabajo</subfield>
    <subfield code="x">Aspectos econ&#xF3;micos</subfield>
    <subfield code="v">Publicaci&#xF3;n peri&#xF3;dicas </subfield>
    <subfield code="z">Rep&#xFA;blica Dominica</subfield>
  </datafield>
  <datafield tag="710" ind1="2" ind2=" ">
    <subfield code="a">Fundaci&#xF3;n Juan Bosch</subfield>
    <subfield code="9">84953</subfield>
  </datafield>
  <datafield tag="942" ind1=" " ind2=" ">
    <subfield code="2">ddc</subfield>
    <subfield code="c">ISSUE</subfield>
  </datafield>
  <datafield tag="952" ind1=" " ind2=" ">
    <subfield code="0">0</subfield>
    <subfield code="1">0</subfield>
    <subfield code="2">ddc</subfield>
    <subfield code="4">0</subfield>
    <subfield code="5">6</subfield>
    <subfield code="7">0</subfield>
    <subfield code="8">SE</subfield>
    <subfield code="a">BNPHU</subfield>
    <subfield code="b">BNPHU</subfield>
    <subfield code="d">2025-04-28</subfield>
    <subfield code="h">A&#xF1;o 2015</subfield>
    <subfield code="l">0</subfield>
    <subfield code="p">2025-3713</subfield>
    <subfield code="r">2025-04-28</subfield>
    <subfield code="t">e.1</subfield>
    <subfield code="w">2025-04-28</subfield>
    <subfield code="y">ISSUE</subfield>
    <subfield code="z">Informe de an&#xE1;lisis y propuestas.</subfield>
  </datafield>
  <datafield tag="999" ind1=" " ind2=" ">
    <subfield code="c">58820</subfield>
    <subfield code="d">58820</subfield>
  </datafield>
</record>
